Essentials of business organisation and management (Record no. 5970)

MARC details
000 -LEADER
fixed length control field 00535cam a2200181ua 4500
008 - FIXED-LENGTH DATA ELEMENTS--GENERAL INFORMATION
fixed length control field 140328n ii |||gr||||Z||||||eng
040 ## - CATALOGING SOURCE
Transcribing agency MAIN
082 ## - DEWEY DECIMAL CLASSIFICATION NUMBER
Classification number 338.7
245 ## - TITLE STATEMENT
Title Essentials of business organisation and management
Statement of responsibility, etc. By Chitta Priya Bhowmik
260 ## - PUBLICATION, DISTRIBUTION, ETC.
Place of publication, distribution, etc. Calcutta:
Name of publisher, distributor, etc. Vijoya publishing house,
Date of publication, distribution, etc. 1984.
300 ## - PHYSICAL DESCRIPTION
Extent xiii,431p.
700 ## - ADDED ENTRY--PERSONAL NAME
Personal name Bhowmik,Chitta Priya,
Relator term
700 ## - ADDED ENTRY--PERSONAL NAME
Personal name Dutta,Saral Krishna,
Relator term
942 ## - ADDED ENTRY ELEMENTS (KOHA)
Koha item type Books
653 ## - INDEX TERM--UNCONTROLLED
Uncontrolled term Production
653 ## - INDEX TERM--UNCONTROLLED
Uncontrolled term Business organisation and management
Holdings
Withdrawn status Lost status Damaged status Not for loan Home library Current library Shelving location Date acquired Total Checkouts Full call number Barcode Date last seen Copy number Price effective from Koha item type
        Central Library, Naharkatiya College Central Library, Naharkatiya College General Stacks 19/09/2020   338.7 | BHO 13840 19/09/2020 1 19/09/2020 Books

Naharkatiya College © 2020. All rights reserved.

Powered By